| 000 | 00554nam a22001937a 4500 | ||
|---|---|---|---|
| 003 | OSt | ||
| 005 | 20160707175003.0 | ||
| 008 | 160707b xxu||||| |||| 00| 0 eng d | ||
| 020 | _a0521576911 | ||
| 040 | _cDNLM. | ||
| 082 | _aQXM432i 1998. | ||
| 100 |
_aMathews,E.Bernard; _910050 |
||
| 245 |
_aAn Introduction to Parasitology. _bStudies in Biology. |
||
| 260 |
_aUK. _bCambridge University Press. _c1998. |
||
| 300 |
_a192p; _bill: _c24cm |
||
| 504 | _areferences,Glossary and index are included. | ||
| 650 |
_aParasitology. _9479 |
||
| 942 |
_2z _cO_SHELF |
||
| 999 |
_c4671 _d4671 |
||